Sharp edge of educational change: Teaching leadingj and the realities of reform (Record no. 1385610)

MARC details
000 -LEADER
fixed length control field 00748nam a2200241Ia 4500
005 - DATE AND TIME OF LATEST TRANSACTION
control field 20250508163842.0
008 - FIXED-LENGTH DATA ELEMENTS--GENERAL INFORMATION
fixed length control field 008 250505s9999 xx 000 0 eng d
020 ## - INTERNATIONAL STANDARD BOOK NUMBER
International Standard Book Number 0-7507-0864-6
037 ## - SOURCE OF ACQUISITION
Stock number Reference
040 ## - CATALOGING SOURCE
Original cataloging agency FEDL
Language of cataloging eng
Transcribing agency FEDL
041 ## - LANGUAGE CODE
Language code of text/sound track or separate title eng
Source of code eng
084 ## - COLON CLASSIFICATION NUMBER
Classification number 371.207, BAS
Assigning agency FEDL
100 ## - MAIN ENTRY--PERSONAL NAME
Personal name Bascia Nina Ed.
9 (RLIN) 776559
245 #0 - TITLE STATEMENT
Title Sharp edge of educational change: Teaching leadingj and the realities of reform
260 ## - PUBLICATION, DISTRIBUTION, ETC.
Place of publication, distribution, etc. London, UK
Name of publisher, distributor, etc. Routledge Falmer
Date of publication, distribution, etc. 2000
300 ## - PHYSICAL DESCRIPTION
Extent xii,244p
365 ## - TRADE PRICE
Price type code GBP
Price amount 17.99
490 ## - SERIES STATEMENT
Series statement Educational change and development series
650 ## - SUBJECT ADDED ENTRY--TOPICAL TERM
Topical term or geographic name entry element School management
700 ## - ADDED ENTRY--PERSONAL NAME
Personal name Hargreaves Andy Ed.
9 (RLIN) 776560
942 ## - ADDED ENTRY ELEMENTS (KOHA)
Koha item type Reference
Classification part 371.207, BAS
Holdings
Withdrawn status Lost status Damaged status Not for loan Home library Current library Date acquired Cost, normal purchase price Total Checkouts Full call number Barcode Date last seen Price effective from Koha item type
        Department of Education Library Department of Education Library 2025-05-08 17.99   371.207, BAS EL0079178 2025-05-08 2025-05-08 Reference
Copyright @ Delhi University Library System